| 000 | 01591cam a2200217 4500 | ||
|---|---|---|---|
| 001 | ##L134183 | ||
| 008 | 060717n2006 000 0 eng u | ||
| 035 | _a(Sirsi) u134183 | ||
| 041 | 0 | _aeng | |
| 050 | 0 | 4 | _a352.5 $2 18 |
| 110 | 1 |
_aOffice of Government Commerce _93987 |
|
| 245 | 0 | 0 |
_aBetter measurement better management _beffective management of the government estate |
| 260 |
_aLondon _bOGC _c2006 |
||
| 505 | 2 | _aThe challenge -- The property benchmarking service -- Developing our thinking: the property benchmarking pilot -- Pilot achievements -- The performance measurement system model -- The pilot sample -- The scoring systems -- A sample building -- Findings -- The pilot project -- Opportunities from efficiency analysis -- Delivering the benefits | |
| 520 | _aMeasuring how well property performs is a critical component of better asset management. With an office estate of 13m sq metres in UK central government, even modest improvements in performance offer significant opportunities for delivery of savings. This document outlines OGC's pilot benchmarking study, the adopted methodology and the plans for rolling this new service out across central government. It will interest strategic decision makers, project and programme directors, heads of estates, facilities managers and everyone engaged in asset management strategies. [Taken from report abstract]. | ||
| 590 | _aIKA180706 | ||
| 651 | 4 |
_aUnited Kingdom _y |
|
| 690 |
_aBlock management _96220 |
||
| 856 | 4 | 0 |
_uhttps://83.231.159.114/documents/cp0134.pdf _zView the item free of charge online... |
| 942 | _n0 | ||
| 999 |
_c105588 _d105588 |
||